Ilorin, Nigeria (Record no. 38419)

MARC details
000 -LEADER
fixed length control field 00403nam a2200157Ia 4500
022 ## - INTERNATIONAL STANDARD SERIAL NUMBER
ISSN KP 60 .A5/
050 ## - CALL MARK
Classification number Journal of islamic law (HUJIL)
245 #0 - TITLE STATEMENT
Title Ilorin, Nigeria
260 ## - PUBLICATION, DISTRIBUTION, ETC. (IMPRINT)
Place of publication Unilorin press
260 ## - PUBLICATION, DISTRIBUTION, ETC. (IMPRINT)
Name of publisher 2017
260 ## - PUBLICATION, DISTRIBUTION, ETC. (IMPRINT)
Year of publication 295 p. ; 22 cm.
300 ## - PHYSICAL DESCRIPTION
Number of Pages Inheritance and succession (Islamic law)
650 ## - SUBJECT ADDED ENTRY--TOPICAL TERM
Topical Term SR

No items available.